Your research project: designing and planning your work. -- 3rd ed. (Record no. 83349)
[ view plain ]
| 000 -LEADER | |
|---|---|
| fixed length control field | 00940nam a2200217 a 4500 |
| 008 - FIXED-LENGTH DATA ELEMENTS--GENERAL INFORMATION | |
| fixed length control field | 120209s2011 ||||||||||||||||| || u |
| 020 ## - INTERNATIONAL STANDARD BOOK NUMBER | |
| International Standard Book Number | 9781849204620 |
| 050 ## - LIBRARY OF CONGRESS CALL NUMBER | |
| Classification number | LB 2369 Wal |
| 100 ## - MAIN ENTRY--PERSONAL NAME | |
| Personal name | Walliman, Nicholas |
| 245 10 - TITLE STATEMENT | |
| Title | Your research project: designing and planning your work. -- 3rd ed. |
| Statement of responsibility, etc. | by Nicholas Walliman |
| 250 ## - EDITION STATEMENT | |
| Edition statement | 3rd ed. |
| 260 ## - PUBLICATION, DISTRIBUTION, ETC. | |
| Place of publication, distribution, etc. | London |
| Name of publisher, distributor, etc. | SAGE Publications |
| Date of publication, distribution, etc. | 2011 |
| 300 ## - PHYSICAL DESCRIPTION | |
| Extent | xxi, 378p.: ill |
| 350 ## - | |
| -- | 0.00 |
| 500 ## - GENERAL NOTE | |
| General note | Bibiography |
| 650 ## - SUBJECT ADDED ENTRY--TOPICAL TERM | |
| Topical term or geographic name entry element | RESEARCH COLLABORATION |
| 650 ## - SUBJECT ADDED ENTRY--TOPICAL TERM | |
| Topical term or geographic name entry element | REPORT WRITING--HANDBOOKS, MANUALS, ETC |
| 650 ## - SUBJECT ADDED ENTRY--TOPICAL TERM | |
| Topical term or geographic name entry element | RESEARCH--HANDBOOKS, MANUALS, ETC |
| 995 ## - | |
| -- | MAIN LIBRARY OPEN ACCESS |
| -- | 744397 |
| -- | CBU-MAIN LIBRARY (Kitwe) |
| -- | 0.00 |
| -- | LB 2369 Wal |
| -- | 2 |
| -- | AVAILABLE |
| -- | Sep 9, 2013 |
| -- | 744397 |
| -- | Main Library Open Access Collection |
| 995 ## - | |
| -- | MAIN LIBRARY OPEN ACCESS |
| -- | 742726 |
| -- | CBU-MAIN LIBRARY (Kitwe) |
| -- | 0.00 |
| -- | LB 2369 Wal |
| -- | 1 |
| -- | AVAILABLE |
| -- | Jun 14, 2012 |
| -- | 742726 |
| -- | Main Library Open Access Collection |
| 999 ## - | |
| -- | 83349 |
| -- | 83349 |
| Withdrawn status | Lost status | Source of classification or shelving scheme | Damaged status | Not for loan | Permanent Location | Current Location | Shelving location | Date acquired | Total Checkouts | Full call number | Barcode | Date last seen | Copy number | Price effective from | Koha item type |
|---|---|---|---|---|---|---|---|---|---|---|---|---|---|---|---|
| CBU-MAIN LIBRARY, KITWE. | CBU-MAIN LIBRARY, KITWE. | 10/30/2023 | LB 2369 Wal | 744397 | 10/30/2023 | 1 | 10/30/2023 | MONOGRAPH | |||||||
| CBU-MAIN LIBRARY, KITWE. | CBU-MAIN LIBRARY, KITWE. | 10/30/2023 | LB 2369 Wal | 742726 | 10/30/2023 | 2 | 10/30/2023 | MONOGRAPH |